North America - Capitals - Statistics

General Stats
  • This quiz has been taken 15 times
  • The average score is 17 of 23
Answer Stats
Country Capital % Correct
Jamaica Kingston
93%
Saint Vincent and the Grenadines Kingstown
93%
Mexico Mexico City
93%
United States Washington D.C.
93%
Guatemala Guatemala City
86%
Cuba Havana
86%
Canada Ottawa
86%
Belize Belmopan
79%
Barbados Bridgetown
79%
Panama Panama City
79%
El Salvador San Salvador
79%
Nicaragua Managua
71%
The Bahamas Nassau
71%
Haiti Port-au-Prince
71%
Trinidad and Tobago Port of Spain
71%
Dominican Republic Santo Domingo
71%
Saint Lucia Castries
64%
Dominica Roseau
64%
Costa Rica San José
64%
Antigua and Barbuda Saint John's
57%
Honduras Tegucigalpa
57%
Grenada Saint George's
50%
Saint Kitts and Nevis Basseterre
43%
No matching quizzes found
Score Distribution
Percent of People with Each Score
Percentile by Number Answered
Your Score History
You have not taken this quiz